000 00333nam a2200133 i 4500
001 bg
245 0 _aĆwiczenia laboratoryjne z inżynierii chemicznej :
_bpraca zbiorowa.
260 _aKraków,
_c1979.
040 _cBPK
041 _apol
080 _a66.01(075.8)(076)
942 _cKS
008 s pl f |000 0 pol
999 _c19121
_d19121
856 _uhttp://koha.tu.koszalin.pl/cgi-bin/koha/opac-detail.pl?biblionumber=19121
_yKatalog online BPK